| 000 | 00940nam a2200253 4500 | ||
|---|---|---|---|
| 008 | 080220s2005 nju 000 0 eng d | ||
| 020 | _a1593331908 :USD37.40.00 | ||
| 090 |
_aPJ5423 _bH34l |
||
| 100 | 1 | _aHealey, John F. | |
| 245 | 1 | 0 |
_aLeshono Suryoyo = [Leshana Suryaya]: _bfirst studies in Syriac / _cJohn F. Healey. |
| 246 | 3 | 0 | _aFirst studies in Syriac. |
| 260 |
_aPiscataway, NJ : _bGorgias Press, _c2005. |
||
| 300 |
_axxiii, 220 p. ; _c24 cm. |
||
| 490 | 1 |
_aGorgias handbooks ; _vv. 2. |
|
| 500 | _aEarlier editions entitled: First studies in Syriac. | ||
| 500 | _aTitle also in Syriac script. | ||
| 546 | _aEnglish with some text in Syriac. | ||
| 650 | 4 |
_aSyriac language _vGlossaries, vocabularies, etc. |
|
| 650 | 4 |
_aSyriac language _vReaders. |
|
| 650 | 4 |
_aSyriac language _xGrammar. |
|
| 740 | 0 | 2 | _aFirst studies in Syriac. |
| 951 |
_p31566 _x00036010 _oPJ5423/H34l _j080220164603640 _d2000-12-21 _cGC |
||
| 999 |
_c30817 _d30817 |
||